000 00997nam0a22002531 4500
001 rc\2773843
005 20250806204558.0
035 _a(NLR Aleph) 006900166
090 _a29363
_c29363
100 _a20110915d1941 u y0rusy50 ca
101 0 _arus
102 _aRU
105 _ay z |||||
200 1 _aИнструкция по заполнению форм промфинплана на 1941 год
_fУпр. изд-в и полиграфии Орджоникидзевск. края
210 _aПятигорск
_cУпр. изд-в и полиграфии
_d1941
215 _a16, [4] с., из них 3 чист. с.
_d21 см.
710 0 2 _aСтавропольское краев. упр. издательств и полиграфии
_3RU\NLR\AUTH\8810024458
801 0 _aRU
_bNLR
_gpsbo
801 1 _aRU
_bELAR
_2rusmarc
852 _aNLR
_jЭк40 Г-6/34
942 _cBOOK
945 _aРоссийская национальная библиотека
980 _aNB
980 _aBV